000 00629nam a2200253Ia 4500
003 OSt
005 20221007101348.0
006 a|||||r|||| 00| 0
007 ta
008 221006b |||||||| |||| 00| 0 eng d
024 _a6,304
037 _cTextual
040 _aLCO
_cLCO
_beng
041 _2eng
_aeng
082 _aX724: (Z), L3
100 _aAGGARWAL R D
_9700833
245 0 _aLaw of Income Tax.
250 _a2
260 _aAllahabad
_bAllahabad Law Agency
_c1973
300 _a418
650 _aINCOME TAX
942 _hX724: (Z), L3
_cTEXL
999 _c1175867
_d1175867